Science Quiz

Random Science or Elements Quiz

Elements named for celestial bodies Quiz Stats

Quiz not verified by Sporcle

Also try: Element eponyms
Challenge
Share
Tweet
Score 0/9 Timer 03:00
0 Plays Today
% Correct
Neptune - Neptunium
88.7%
Pluto - Plutonium
86.8%
Helios (Sun) - Helium
86.2%
Uranus - Uranium
74.8%
Mercury - Mercury
74.2%
Ceres - Cerium
46.5%
Selene (Moon) - Selenium
37.9%
Tellus (Earth) - Tellurium
32.7%
Pallas - Palladium
20.9%

You're not logged in!

Compare scores with friends on all Sporcle quizzes.
Sign Up with Email
OR
Log In

You Might Also Like...

Show Comments

Extras

Top Quizzes Today


Score Distribution

Your Account Isn't Verified!

In order to create a playlist on Sporcle, you need to verify the email address you used during registration. Go to your Sporcle Settings to finish the process.

Report this User

Report this user for behavior that violates our Community Guidelines.

Details: